[Event "HUN-chT U18"]
[Site "Miskolc"]
[Date "2009.10.27"]
[Round "2.15"]
[White "Eltigani, Amir"]
[Black "Egresi, Mate"]
[Result "1-0"]
[WhiteElo "1727"]
[BlackElo "1790"]
[PlyCount "62"]
[EventDate "2009.10.26"]
[EventType "team-swiss"]
[EventRounds "8"]
[EventCountry "HUN"]
[SourceTitle "EXT 2016"]
[Source "ChessBase"]
[SourceDate "2015.10.08"]
[SourceVersion "1"]
[SourceVersionDate "2015.10.08"]
[SourceQuality "1"]

1. d4 c5 2. dxc5 e6 3. c4 Bxc5 4. Nc3 Nf6 5. Nf3 0-0 6. Qc2 Qb6 7. e3 Nc6 8. a3 Be7 9. Bd3 h6 10. 0-0 d6 11. Rd1 Rd8 12. Nd4 Bd7 13. Ndb5 Ne5 14. Be2 Bxb5 15. Nxb5 Rac8 16. Qa4 a6 17. Nd4 d5 18. cxd5 Nxd5 19. Rd2 Rc7 20. Rc2 Bc5 21. Bd2 Qa7 22. Rac1 b5 23. Nxb5 axb5 24. Qxa7 Bxa7 25. Rxc7 Nxc7 26. Rxc7 Rxd2 27. Bxb5 Rxb2 28. a4 Bb6 29. Rc8+ Kh7 30. Rb8 Ba7 31. Rb7 Rb4 1-0

[Event "HUN-ch U14"]
[Site "Balatonlelle"]
[Date "2009.06.30"]
[Round "4"]
[White "Kornyei, David"]
[Black "Eltigani, Amir"]
[Result "1/2-1/2"]
[WhiteElo "1619"]
[BlackElo "1699"]
[PlyCount "33"]
[EventDate "2009.06.27"]
[EventType "swiss"]
[EventRounds "9"]
[EventCountry "HUN"]
[SourceTitle "EXT 2011"]
[Source "ChessBase"]
[SourceDate "2010.11.26"]
[SourceVersion "1"]
[SourceVersionDate "2010.11.26"]
[SourceQuality "1"]

1. e4 c5 2. Nf3 e6 3. d4 cxd4 4. Nxd4 a6 5. c4 Qc7 6. Nc3 Nc6 7. Be3 Nf6 8. Be2 Be7 9. 0-0 0-0 10. a3 b6 11. f4 d6 12. Nxc6 Qxc6 13. e5 dxe5 14. fxe5 Ne4 15. Nxe4 Qxe4 16. Bf4 Rb8 17. Qd3 1/2-1/2

[Event "HUN-chT U18"]
[Site "Miskolc"]
[Date "2008.10.31"]
[Round "8.23"]
[White "Halastyak, Csaba"]
[Black "Eltigani, Amir"]
[Result "1/2-1/2"]
[WhiteElo "1606"]
[BlackElo "1711"]
[PlyCount "45"]
[EventDate "2008.10.27"]
[EventType "team-swiss"]
[EventRounds "8"]
[EventCountry "HUN"]
[SourceTitle "EXT 2016"]
[Source "ChessBase"]
[SourceDate "2015.10.08"]
[SourceVersion "1"]
[SourceVersionDate "2015.10.08"]
[SourceQuality "1"]

1. e4 c5 2. c3 e6 3. Nf3 a6 4. d4 cxd4 5. cxd4 d5 6. e5 Bb4+ 7. Nc3 Nc6 8. a3 Bxc3+ 9. bxc3 Nge7 10. Bd3 0-0 11. Bc2 Ng6 12. Qd3 f5 13. exf6 Qxf6 14. Bg5 Qf5 15. Qxf5 exf5 16. 0-0 Na5 17. Rfe1 Nc4 18. Bb3 b5 19. Nd2 h6 20. Be7 Re8 21. Bc5 Bb7 22. Nxc4 dxc4 23. Bc2 1/2-1/2